Statistics for Top25 English Football Players by Market Value

Click here to take the quiz!

General Stats

  • This quiz has been taken 128 times
    (80 since last reset)
  • The average score is 15 of 25

Answer Stats

Age / Market ValueCurrent ClubPlayer% Correct
25 / 150M€Tottenham HotspurHarry Kane
99%
24 / 120M€Manchester CityRaheem Sterling
90%
21 / 80M€Manchester UnitedMarcus Rashford
87%
18 / 80M€Borussia DortmundJadon Sancho
85%
20 / 50M€LiverpoolTrent Alexander-Arnold
85%
24 / 60M€Manchester CityJohn Stones
82%
28 / 50M€Manchester CityKyle Walker
79%
22 / 100M€Tottenham HotspurDele Alli
75%
28 / 28M€LiverpoolJordan Henderson
75%
26 / 45M€Leicester CityHarry Maguire
73%
25 / 40M€EvertonJordan Pickford
69%
20 / 35M€West Ham UnitedDeclan Rice
63%
25 / 40M€Tottenham HotspurEric Dier
60%
22 / 30M€Leicester CityJames Maddison
60%
23 / 25M€Manchester UnitedLuke Shaw
55%
26 / 40M€Manchester UnitedJesse Lingard
49%
21 / 35M€LiverpoolJoe Gomez
49%
28 / 25M€Tottenham HotspurDanny Rose
40%
27 / 25M€BournemouthCallum Wilson
39%
28 / 35M€Tottenham HotspurKieran Trippier
33%
18 / 35M€FulhamRyan Sessegnon
28%
25 / 40M€LiverpoolAlex Oxlade-Chamberlain
27%
25 / 28M€ChelseaRoss Barkley
27%
23 / 25M€ChelseaRuben Loftus-Cheek
27%
26 / 25M€EvertonMichael Keane
22%

Score Distribution

Percentile by Number Answered

Percent of People with Each Score

Your Score History

You have not taken this quiz since the last reset